Подробности
| 000 -МАРКЕР |
| контрольное поле |
02396nam2a2200337 4500 |
| 001 - ИДЕНТИФИКАТОР ЗАПИСИ |
| контрольное поле |
RU\NLR\BIBL_A\010865549 |
| 005 - ИДЕНТИФИКАТОР ВЕРСИИ |
| контрольное поле |
20260406093009.0 |
| 010 ## - МЕЖДУНАРОДНЫЙ СТАНДАРТНЫЙ НОМЕР КНИГИ (ISBN) |
| Номер (ISBN) |
978-5-9704-3554-0 |
| Уточнения |
ч. 3 |
| Тираж |
2000 |
| 021 ## - НОМЕР ГОСУДАРСТВЕННОЙ РЕГИСТРАЦИИ |
| Код страны |
российская федерация |
| Номер |
2015-72924 |
| Номер Листа государственной регистраци |
4381 |
| 035 ## - ДРУГИЕ СИСТЕМНЫЕ НОМЕРА |
| Идентификатор записи |
(NLR Aleph) 010865549 |
| 100 ## - ДАННЫЕ ОБЩЕЙ ОБРАБОТКИ |
| Данные общей обработки |
20151021d2016 |||y0rusy50 ca |
| 101 0# - ЯЗЫК РЕСУРСА |
| Язык текста, звукозаписи и т.д. |
русский |
| 102 ## - СТРАНА ПУБЛИКАЦИИ ИЛИ ПРОИЗВОДСТВА |
| Страна публикации |
российская федерация |
| 105 ## - ПОЛЕ КОДИРОВАННЫХ ДАННЫХ: ТЕКСТОВЫЕ МАТЕРИАЛЫ, МОНОГРАФИЧЕСКИЕ |
| Кодированные данные о монографическом текстовом документе |
a j 000zy |
| 200 1# - ЗАГЛАВИЕ И СВЕДЕНИЯ ОБ ОТВЕТСТВЕННОСТИ |
| Основное заглавие |
Ортодонтия |
| Первые сведения об ответственности |
Л.С. Персин |
| 210 ## - ПУБЛИКАЦИЯ, РАСПРОСТРАНЕНИЕ И ДР. |
| Дата издания, распространения и т.д. |
2016 |
| -- |
[т. е. 2015] |
| Место издания, распространения и т.д. |
Б. м. |
| 215 ## - ФИЗИЧЕСКАЯ ХАРАКТЕРИСТИКА |
| Специфическое обозначение материала и объем |
237 с. |
| Другие сведения о физической характеристике |
ил., цв. ил. |
| 300 ## - ОБЩИЕ ПРИМЕЧАНИЯ |
| Текст примечания |
Кн. фактически издана в 2015 году |
| 320 ## - ПРИМЕЧАНИЯ О НАЛИЧИИ В ДОКУМЕНТЕ БИБЛИОГРАФИИ / УКАЗАТЕЛЯ |
| Текст примечания |
Библиогр. в подстроч. примеч. |
| 461 #0 - УРОВЕНЬ НАБОРА |
| Встроенное поле |
001RU\NLR\BIBL_A\010886916 |
| -- |
2001#$aСтоматология детского возраста$eучебник$eдля студентов учреждений высшего профессионального образования, обучающихся по специальности "Стоматология" по дисциплине "Стоматология детского возраста"$eв 3 ч.$fО.З. Топольницкий$vЧ. 3 |
| -- |
700#1$aТопольницкий$bО.З.$gОрест Зиновьевич |
| Системный номер (АБИС) связанной записи |
10531278 |
| Автор |
Топольницкий, О.З. |
| Место публикации |
Москва |
| Дата публикации |
2016 |
| Первые сведения об ответственности |
О.З. Топольницкий |
| Имя издателя, распространителя и т.д. |
ГЭОТАР-Медия |
| Сведения, относящиеся к заглавию |
учебник : для студентов учреждений высшего профессионального образования, обучающихся по специальности "Стоматология" по дисциплине "Стоматология детского возраста" : в 3 ч. |
| Заглавие |
Стоматология детского возраста |
| ISBN |
9785970433959 |
| Номер тома |
Ч. 3 |
| 606 1# - НАИМЕНОВАНИЕ ТЕМЫ КАК ПРЕДМЕТ |
| Наименование темы |
Ортодонтия |
| Формальный подзаголовок |
Учебники для высших учебных заведений |
| Системный номер авторитетной/нормативной записи |
960321 |
| Идентификатор авторитетной/нормативной записи |
RU\NLR\AUTH\6639625 |
| 606 1# - НАИМЕНОВАНИЕ ТЕМЫ КАК ПРЕДМЕТ |
| Наименование темы |
Зубочелюстные аномалии |
| Формальный подзаголовок |
Учебники для высших учебных заведений |
| Системный номер авторитетной/нормативной записи |
2245811 |
| Идентификатор авторитетной/нормативной записи |
RU\NLR\AUTH\6601578372 |
| 686 1# - ИНДЕКСЫ ДРУГИХ КЛАССИФИКАЦИЙ |
| Индекс |
Р733.668.5я73-1 |
| 686 1# - ИНДЕКСЫ ДРУГИХ КЛАССИФИКАЦИЙ |
| Индекс |
Р733.665.605.0я73-1 |
| 686 1# - ИНДЕКСЫ ДРУГИХ КЛАССИФИКАЦИЙ |
| Индекс |
Р11(2)442.866я73-1 |
| 701 #1 - ИМЯ ЛИЦА - АЛЬТЕРНАТИВНАЯ ОТВЕТСТВЕННОСТЬ |
| Материалы, к которым относится поле |
rus |
| Графика поля |
Кириллица |
| Начальный элемент ввода |
Персин |
| Часть имени, кроме начального элемента ввода |
Л. С. |
| Даты |
1948- |
| Расширение инициалов личного имени |
Леонид Семенович |
| Идентификатор авторитетной/нормативной записи |
RU\NLR\AUTH\7764738 |
| Системный номер авторитетной/нормативной записи |
47667 |
| 942 ## - ДОПОЛНИТЕЛЬНЫЕ ЭЛЕМЕНТЫ ЗАПИСИ (АБИС) |
| Тип экземпляра АБИС |
Книга |
| 980 ## - КОЛЛЕКЦИЯ |
| Название коллекции |
Национальная библиография |